Využitie analýzy hlavných komponentov v analýze rizík pri investovaní do portfólia cenných papierov

Analýza rizík pri investovaní na kapitálovom trhu.

Guardado en:
Detalles Bibliográficos
Autor principal: Izakovičová, Michaela
Formato: Capítulo de libro
Lenguaje:eslovaco
Materias:
Etiquetas: Agregar Etiqueta
Sin Etiquetas, Sea el primero en etiquetar este registro!

MARC

LEADER 00000naa a2200000 4500
001 0180234
005 20240502073051.6
041 0 |a slo 
044 |a SK 
245 1 0 |a Využitie analýzy hlavných komponentov v analýze rizík pri investovaní do portfólia cenných papierov  |c Michaela Izakovičová 
520 |a Analýza rizík pri investovaní na kapitálovom trhu. 
610 2 0 |a riziko finančné 
610 2 0 |a stratégia investičná 
610 2 0 |a portfólio 
610 2 0 |a papiere cenné 
610 2 0 |a trh finančný 
100 1 |a Izakovičová, Michaela